<?xml version="1.0" encoding="UTF-8"?><?xml-stylesheet type="text/xsl" href="static/style.xsl"?><OAI-PMH xmlns="http://www.openarchives.org/OAI/2.0/" xmlns:xsi="http://www.w3.org/2001/XMLSchema-instance" xsi:schemaLocation="http://www.openarchives.org/OAI/2.0/ http://www.openarchives.org/OAI/2.0/OAI-PMH.xsd"><responseDate>2026-06-01T03:59:25Z</responseDate><request verb="GetRecord" identifier="oai:riuma.uma.es:10630/26759" metadataPrefix="marc">https://riuma.uma.es/rest/oai/request</request><GetRecord><record><header><identifier>oai:riuma.uma.es:10630/26759</identifier><datestamp>2026-02-03T12:53:20Z</datestamp><setSpec>com_10630_25813</setSpec><setSpec>com_10630_3139</setSpec><setSpec>com_10630_10</setSpec><setSpec>col_10630_25835</setSpec></header><metadata><record xmlns="http://www.loc.gov/MARC21/slim" xmlns:dcterms="http://purl.org/dc/terms/" xmlns:doc="http://www.lyncode.com/xoai" xmlns:xsi="http://www.w3.org/2001/XMLSchema-instance" xsi:schemaLocation="http://www.loc.gov/MARC21/slim http://www.loc.gov/standards/marcxml/schema/MARC21slim.xsd">
   <leader>00925njm 22002777a 4500</leader>
   <datafield ind2=" " ind1=" " tag="042">
      <subfield code="a">dc</subfield>
   </datafield>
   <datafield ind2=" " ind1=" " tag="720">
      <subfield code="a">Redondo Illescas, Santiago</subfield>
      <subfield code="e">author</subfield>
   </datafield>
   <datafield ind2=" " ind1=" " tag="260">
      <subfield code="c">2008-11-24</subfield>
   </datafield>
   <datafield ind2=" " ind1=" " tag="520">
      <subfield code="a">Es una satisfacción para nuestra revista el poder presentar en este número y en el siguiente una sucinta y clara exposición, llevada a cabo por su propio autor, del Modelo del triple riesgo delictivo -TRD- relativo a la explicación y prevención de la delincuencia. La propuesta aludida constituye un sobresaliente ejemplo de sistematización y operacionalización del conocimiento criminológico contemporáneo. Entre sus virtudes cabe mencionar su capacidad para integrar en un único modelo teórico y práctico las muy diversas contribuciones, empíricamente acreditadas, del pensamiento criminológico contemporáneo. A su vez, la descomposición de la probabilidad de conducta antisocial en tres dimensiones continuas de mayor a menor riesgo, mutuamente entrelazadas, potencia el desarrollo de estrategias de prevención más eficaces. Por último, la convicción de que una de las vías más eficientes para prevenir la delincuencia sea la incidencia sobre los factores sociales o dimensión B, tanto en la intervención personal como en la social, constituye otro de los acervos de este modelo, que le permite enlazar con una persistente corriente criminológica.</subfield>
   </datafield>
   <datafield ind1="8" ind2=" " tag="024">
      <subfield code="a">Redondo Illescas, S. (2008). Individuos, sociedades y oportunidades en la explicación y prevención del delito: modelo del triple riesgo delictivo (TRD) (Primera parte). Boletín Criminológico, (14). https://doi.org/10.24310/Boletin-criminologico.2008.v14i.8753</subfield>
   </datafield>
   <datafield ind1="8" ind2=" " tag="024">
      <subfield code="a">https://hdl.handle.net/10630/26759</subfield>
   </datafield>
   <datafield ind1="8" ind2=" " tag="024">
      <subfield code="a">https://doi.org/10.24310/Boletin-criminologico.2008.v14i.8753</subfield>
   </datafield>
   <datafield tag="653" ind2=" " ind1=" ">
      <subfield code="a">Delincuencia - Prevención</subfield>
   </datafield>
   <datafield ind2="0" ind1="0" tag="245">
      <subfield code="a">Individuos, sociedades y oportunidades en la explicación y prevención del delito: modelo del triple riesgo delictivo (TRD). (Primera parte)</subfield>
   </datafield>
</record>
</metadata></record></GetRecord></OAI-PMH>